00519nam a2200193 a 4500001001300000003000900013005001700022008004100039020001000080082001600090100001900106245005100125260004200176300000900218500003500227505002500262650001900287700001900306nice12345678IN_TiNIC20260116012448.0050524s1985 dela grp 000 0 eng  ac12500a891.51bCHO aChoubey, O B S aTraces of Indian Philosophy in Persian Poetry. aDelhibIdara-I-Adabiyat-I-Dillic1985 a203p aincludes index and biblioraphy2 aBibliography, Index. aPersian Poetry1 aChoubey, O B S